Detalles MARC
| 000 -LEADER |
| fixed length control field |
01225nam a2200313 a 4500 |
| 001 - CONTROL NUMBER |
| control field |
|
| 003 - CONTROL NUMBER IDENTIFIER |
| control field |
DO-SdBNP |
| 005 - DATE AND TIME OF LATEST TRANSACTION |
| control field |
20210719101327.0 |
| 008 - FIXED-LENGTH DATA ELEMENTS--GENERAL INFORMATION |
| fixed length control field |
140320s2017 dr a 001 0 spa d |
| 020 ## - INTERNATIONAL STANDARD BOOK NUMBER |
| International Standard Book Number |
9789945590647 |
| 040 ## - CATALOGING SOURCE |
| Original cataloging agency |
BPMSU |
| Language of cataloging |
spa |
| Transcribing agency |
BPMSU |
| 082 ## - DEWEY DECIMAL CLASSIFICATION NUMBER |
| Classification number |
282.7293 |
| Item number |
B562i 2017 |
| Edition number |
22 |
| 100 1# - MAIN ENTRY--PERSONAL NAME |
| Personal name |
Betances, Emelio |
| 240 10 - UNIFORM TITLE |
| Uniform title |
<a href="The catholic church and power politics in Latin America : the dominican case in comparative perspective">The catholic church and power politics in Latin America : the dominican case in comparative perspective</a> |
| Language of a work |
español |
| 245 13 - TITLE STATEMENT |
| Title |
La iglesia católica y la política del poder en América Latina : |
| Remainder of title |
el caso dominicano en perspectiva comparada / |
| Statement of responsibility, etc. |
Emilio Betances ; prólogo José Luis Sáez. |
| 250 ## - EDITION STATEMENT |
| Edition statement |
2a. ed. |
| 260 ## - PUBLICATION, DISTRIBUTION, ETC. (IMPRINT) |
| Place of publication, distribution, etc. |
Santo Domingo : |
| Name of publisher, distributor, etc. |
FUNGLODE, |
| Date of publication, distribution, etc. |
2017 |
| 300 ## - PHYSICAL DESCRIPTION |
| Extent |
427 p. : |
| Other physical details |
il., tabls. ; |
| Dimensions |
24 cm. |
| 490 0# - SERIES STATEMENT |
| Series statement |
Democracia |
| 504 ## - BIBLIOGRAPHY, ETC. NOTE |
| Bibliography, etc |
Incluye bibligrafía y notas al pie de páginas. |
| 504 ## - BIBLIOGRAPHY, ETC. NOTE |
| Bibliography, etc |
Bibliografía: p. 385-406. |
| 590 ## - LOCAL NOTE (RLIN) |
| Local note |
Inventariado, 2018/ YL |
| 650 #4 - SUBJECT ADDED ENTRY--TOPICAL TERM |
| Topical term or geographic name as entry element |
Iglesia católica |
| Geographic subdivision |
República Dominicana |
| General subdivision |
Historia |
| Chronological subdivision |
Siglo XX |
| 650 #4 - SUBJECT ADDED ENTRY--TOPICAL TERM |
| Topical term or geographic name as entry element |
Iglesia y Estado en República Dominicana |
| General subdivision |
Siglo xx |
| 700 1# - ADDED ENTRY--PERSONAL NAME |
| Personal name |
Sáez, José Luis |
| Relator term |
pról. |
| 710 2# - ADDED ENTRY--CORPORATE NAME |
| Corporate name or jurisdiction name as entry element |
Fundación Global Democracía y Desarrollo (República Dominicana) |
| 910 ## - USER-OPTION DATA (OCLC) |
| User-option data |
VMateo V |
| 942 ## - ADDED ENTRY ELEMENTS (KOHA) |
| Source of classification or shelving scheme |
Dewey Decimal Classification |
| Koha item type |
Libros |